000 00403nam a22001697a 4500
005 20160616105410.0
008 160616b xxu||||| |||| 00| 0 eng d
020 _a9812-53-032-0
041 _aeng
082 _b7921
100 _aMeredith, Jack R & Shafer, Seoth M
_92062
245 _aOperations Mgt. for MBAS
260 _bWiley India
300 _a400
650 _aManagement
_9241
942 _cBK
999 _c2890
_d2889